<?xml version="1.0" encoding="UTF-8"?>
<marc:record xmlns:marc="http://www.loc.gov/MARC21/slim">
   <marc:leader>00000nam a2200000 a 4500</marc:leader>
   <marc:datafield ind1=" " ind2=" " tag="653">
      <marc:subfield code="a">DVD</marc:subfield>
   </marc:datafield>
   <marc:datafield ind1=" " ind2=" " tag="653">
      <marc:subfield code="a">Spielfilm</marc:subfield>
   </marc:datafield>
   <marc:datafield ind1="0" ind2="0" tag="245">
      <marc:subfield code="a">Stonehearts Asylum</marc:subfield>
   </marc:datafield>
   <marc:datafield ind1="0" ind2="0" tag="245">
      <marc:subfield code="b">diese Mauern wirst du nie verlassen</marc:subfield>
   </marc:datafield>
   <marc:datafield ind1=" " ind2="1" tag="264">
      <marc:subfield code="b">Universum Film GmbH</marc:subfield>
      <marc:subfield code="c">2013</marc:subfield>
   </marc:datafield>
   <marc:datafield ind1="1" ind2=" " tag="520">
      <marc:subfield code="a">Am Weihnachtsabend 1899 erreicht Edward Newgate die abgelegene Irrenanstalt Stonehearst. In der Einrichtung für psychisch kranke Menschen möchte er von Dr. Lamb die modernsten Techniken und Methoden im Umgang mit Geisteskrankheiten erlernen. Anders als üblich werden die Insassen hier nicht betäubt oder gefesselt, sondern können sich frei entfalten und ihren Wahnsinn auslebenà</marc:subfield>
   </marc:datafield>
</marc:record>
